Sivas'ın İlçeleri - Statistics

General Stats
  • This quiz has been taken 125 times
  • The average score is 12 of 17
Answer Stats
Nüfus Cevap % Correct
389.719 Merkez
97%
21.629 Kangal
88%
23.873 Zara
83%
25.295 Suşehri
82%
16.893 Divriği
80%
18.118 Gürün
79%
8.879 Ulaş
71%
9.091 İmranlı
68%
8.866 Altınyayla
65%
37.758 Şarkışla
65%
31.719 Yıldızeli
65%
22.717 Gemerek
64%
10.944 Hafik
62%
12.959 Koyulhisar
59%
3.216 Doğanşar
53%
3.614 Gölova
50%
5.111 Akıncılar
42%
No matching quizzes found
Score Distribution
Percent of People with Each Score
Percentile by Number Answered
Your Score History
You have not taken this quiz